| 000 | 00811nab a2200253 u 4500 | ||
|---|---|---|---|
| 001 | 21212 | ||
| 003 | HDC | ||
| 007 | cr bn ---aaaaa | ||
| 008 | 210307c20070802xx dr|noo 0 a eng d | ||
| 040 | _aHDC | ||
| 100 |
_aHalliday, Jess _eauthor _917318 |
||
| 245 | 0 |
_aUS drives global kosher ingredient need / by _cJess Halliday |
|
| 300 | _a1 online resource | ||
| 336 |
_atext _2rdacontent |
||
| 337 |
_acomputer _2rdamedia |
||
| 338 |
_aonline resource _2rdacarrier |
||
| 650 |
_akosher ingredient _918829 |
||
| 650 |
_aKosher market _918828 |
||
| 710 | _aHalal Focus | ||
| 856 | _zRequest full-text at [email protected] | ||
| 942 | _2lcc | ||
| 942 | _cNEWS | ||
| 942 | _kNWSO 006514 | ||
| 999 |
_c18528 _d18528 |
||